| 000 | 00441pab a2200157 454500 | ||
|---|---|---|---|
| 008 | 180718b2005 xxu||||| |||| 00| 0 eng d | ||
| 100 | _aDadhich, Ramesh | ||
| 245 | _aAutonomy versus hegemony: reconstructing the Gandhian gospel amidst globalisation | ||
| 260 | _c2005 | ||
| 300 | _ap.549-58. | ||
| 362 | _aJan-Mar | ||
| 650 | _aGlobalization | ||
| 650 | _aGandhi, M.K. | ||
| 773 | _aIndian Journal of Political Science | ||
| 909 | _a67120 | ||
| 999 |
_c67120 _d67120 |
||